000
00293nam a2200121Ia 4500
008
220204s9999 xx 000 0 und d
082
_a
82-3
_b
COL
100
_a
Collins, Larry
245
0
_a
Is Paris burning
260
_a
New Delhi
_b
Vikas
_c
1978
700
_a
Lapierre, Dominique
942
_c
BK
999
_c
28566
_d
28566